| 000 | 00956nam a2200301 4500 | ||
|---|---|---|---|
| 003 | EG-GICUC | ||
| 005 | 20260330135434.0 | ||
| 008 | 260330s1929 -uk||||fr|||| 001 0 eng d | ||
| 040 |
_aEG-GiCUC _beng _cEG-GiCUC _dEG-GiCUC _erda |
||
| 041 | 0 | _aeng | |
| 082 | 0 | 4 |
_221 _a341.33 _bDE . D |
| 092 | 0 | 4 | _221 |
| 099 | _aLaw1 11 341.33 DE . D 1929 | ||
| 100 | 1 |
_aDewey, A. Gordon _eAuthor. |
|
| 245 | 1 | 4 |
_aThe dominions and diplomacy : _bThe canadian contrribution. _nVolume 1 / _cA. Gordon Dewey. |
| 264 | 1 |
_aLondon : _bLongmans, _c1929. |
|
| 300 |
_a375 pages ; _c24 cm _billustrations, |
||
| 336 |
_2rda content _atext |
||
| 337 |
_2rda media _aComputer |
||
| 338 |
_2rda carrier _aOnline Resource |
||
| 500 | _aIncludes index. | ||
| 504 | _aBibliography: pages 200-250. | ||
| 546 | _aText in English | ||
| 650 | 1 | 4 | _aPublic international law |
| 856 | 4 | 0 | _uhttps://fll.law.cu.edu.eg/fulltext/bks/B11-06994.pdf |
| 905 | _a30 | ||
| 942 |
_2ddc _cBK _e21 _n0 |
||
| 999 |
_c67577 _d67577 |
||